RGS picture library (Record no. 75223)

MARC details
000 -LEADER
fixed length control field 00941cab a2200169 4500
001 - CONTROL NUMBER
control field L129709
008 - FIXED-LENGTH DATA ELEMENTS--GENERAL INFORMATION
fixed length control field 050513n2005 000 0 eng u
035 ## - SYSTEM CONTROL NUMBER
System control number (Sirsi) u129709
041 ## - LANGUAGE CODE
Language code of text/sound track or separate title eng
110 ## - MAIN ENTRY--CORPORATE NAME
Corporate name or jurisdiction name as entry element Royal Geographical Society
9 (RLIN) 2520
245 ## - TITLE STATEMENT
Title RGS picture library
260 ## - PUBLICATION, DISTRIBUTION, ETC.
Date of publication, distribution, etc. 2005
520 ## - SUMMARY, ETC.
Summary, etc. The Royal Geographical Society (RGS), with the Institute of British Geographers (IBG), has launched a new online picture library containing thousands of images from its collection of historical and modern travel photography as well as classic images of exploration from its Antarctic and Everest collections. The RGS/IBG picture library has a comprehensive search facility. Lightboxes can be created and managed after free registration and high resolution image files can be ordered.
690 ## - LOCAL SUBJECT ADDED ENTRY--TOPICAL TERM (OCLC, RLIN)
Topical term or geographic name as entry element ENVIRONMENTAL AND LAND CONSULTANCY-GEOMATICS
856 ## - ELECTRONIC LOCATION AND ACCESS
Uniform Resource Identifier <a href="https://images.rgs.org/">https://images.rgs.org/</a>
Public note View the website at www.rgs.org...
942 ## - ADDED ENTRY ELEMENTS (KOHA)
Suppress in OPAC 0
Holdings
Withdrawn status Lost status Source of classification or shelving scheme Damaged status Not for loan Home library Current library Shelving location Date acquired Total Checkouts Full call number Barcode Date last seen Copy number Price effective from Koha item type
    Dewey Decimal Classification     Virtual Virtual Online 13/05/2005   WEBSITE 129709-1001 06/08/2019 1 06/08/2019 Online material